000 00402cam a2200169ua 4500
041 _aeng
_h
082 _a320
_bAPP/SU
100 _aAppadorai, A .
245 _aSubstance of politics /
_cA.Appadorai.
_hTextual Documents
250 _a9 /
_b.
260 _a :
_bOxford University Press ,
_c1961.
300 _a522 ; .
504 _a
942 _cBK
999 _c2254
_d2254